000 00862nam a22002177a 4500
005 20090720105655.0
008 090720t xxu||||| |||| 00| 0 eng d
010 _aENG-94485
020 _a9788190755979
_c90.00
035 _aEN-78018
037 _bDBAD / PUB
040 _adpl
_bEnglish
082 _a338.5
100 _aBalakrishnan, S
245 _aMicro economics:
_cby S. Balakrishnan
_bfor graduate and post-graduate classes of Indian univefstities and SLET, NET and UGC examinations /
260 _aNagerocil,
_bNalini Publications
_c2008
270 _aMelasoorankudy
_bNagercoil
_e4
300 _axxi, 224p.
_c24cm(pbk)
942 _2ddc
_cEN
_mBAL
_h338.5
999 _c28436
_d28436